000 00339nam a2200157Ia 4500
100 _aShah/Sharanam/ Shah/Vaishali
650 _aOracle
942 _cBK
366 _f20
245 _aOracle for professionals
260 _bShroff Publ.
_c2010
082 _a5.133
_bSHA
300 _a1343
546 _aENGLISH
_cComputers
999 _c29071
_d29071